[Event "Pan American-ch School U17"]
[Site "Medellin"]
[Date "2019.11.17"]
[Round "9"]
[White "Salazar Gould, Melannie"]
[Black "Cruz Beltran, Andres Euclides"]
[Result "1-0"]
[WhiteElo "1906"]
[BlackElo "1745"]
[PlyCount "39"]
[EventDate "2019.11.12"]
[EventType "swiss"]
[EventRounds "9"]
[EventCountry "COL"]
[SourceTitle "CBM 193 Extra"]
[Source "ChessBase"]
[SourceDate "2020.01.31"]
[SourceVersion "1"]
[SourceVersionDate "2020.01.31"]
[SourceQuality "1"]

1. e4 e5 2. Nf3 Nc6 3. Bc4 Bc5 4. d3 Nf6 5. Nbd2 d5 6. Bb3 dxe4 7. dxe4 Bg4 8. c3 Qe7 9. h3 Bh5 10. Qe2 0-0-0 11. Bc2 g5 12. b4 Bb6 13. g4 Nxg4 14. hxg4 Bxg4 15. Nf1 f6 16. Be3 h5 17. Bxb6 axb6 18. Ne3 Nxb4 19. cxb4 Qxb4+ 20. Kf1 1-0

[Event "Pan American-ch School U17"]
[Site "Medellin"]
[Date "2019.11.16"]
[Round "8"]
[White "Cruz Beltran, Andres Euclides"]
[Black "Valera Padilla, Federico Jose"]
[Result "1-0"]
[WhiteElo "1745"]
[BlackElo "1786"]
[PlyCount "41"]
[EventDate "2019.11.12"]
[EventType "swiss"]
[EventRounds "9"]
[EventCountry "COL"]
[SourceTitle "CBM 193 Extra"]
[Source "ChessBase"]
[SourceDate "2020.01.31"]
[SourceVersion "1"]
[SourceVersionDate "2020.01.31"]
[SourceQuality "1"]

1. e4 c5 2. Nf3 Nc6 3. Nc3 g6 4. d4 cxd4 5. Nxd4 Bg7 6. Be3 Nf6 7. f3 0-0 8. Qd2 d5 9. Nxc6 bxc6 10. 0-0-0 e6 11. h4 Qa5 12. Kb1 Rb8 13. b3 Rd8 14. Bd4 dxe4 15. Qf4 Nd7 16. Bxg7 Kxg7 17. Nxe4 e5 18. Qe3 f5 19. Ng5 Nf6 20. Bc4 f4 21. Qe2 1-0

[Event "Pan American-ch School U17"]
[Site "Medellin"]
[Date "2019.11.14"]
[Round "5"]
[White "Restrepo Borrero, Mateo"]
[Black "Cruz Beltran, Andres Euclides"]
[Result "0-1"]
[WhiteElo "1598"]
[BlackElo "1745"]
[PlyCount "114"]
[EventDate "2019.11.12"]
[EventType "swiss"]
[EventRounds "9"]
[EventCountry "COL"]
[SourceTitle "CBM 193 Extra"]
[Source "ChessBase"]
[SourceDate "2020.01.31"]
[SourceVersion "1"]
[SourceVersionDate "2020.01.31"]
[SourceQuality "1"]

1. Nf3 c5 2. c4 g6 3. e3 Bg7 4. d4 cxd4 5. exd4 Nf6 6. Nc3 0-0 7. Be2 d5 8. 0-0 Nc6 9. Bg5 dxc4 10. Bxc4 Bg4 11. d5 Ne5 12. Be2 Bxf3 13. Bxf3 Qb6 14. Rb1 Rad8 15. Be2 e6 16. Be3 Qd6 17. f4 Ned7 18. dxe6 Qxe6 19. Bf2 a6 20. Qc2 Ng4 21. h3 Nxf2 22. Rxf2 Bd4 23. Rbf1 Bxf2+ 24. Rxf2 b5 25. Kh1 Rc8 26. Qd2 Nc5 27. Bg4 f5 28. Re2 Qd7 29. Qxd7 Nxd7 30. Bf3 Rfe8 31. Bd5+ Kg7 32. Rd2 b4 33. Ne2 Nf6 34. Bb7 Rcd8 35. Nd4 Kh8 36. Bc6 Re6 37. Nxe6 Rxd2 38. Ba4 Rxb2 39. Bb3 h5 40. Nf8 Kg7 41. Ne6+ Kh6 42. Ng5 Ne4 43. Nf7+ Kg7 44. Ne5 Nc3 45. Nd3 Rb1+ 46. Kh2 a5 47. Ne5 Ra1 48. Bf7 Re1 49. Bc4 Rd1 50. Bb3 Rd2 51. Nc4 Re2 52. Nxa5 Nxa2 53. Bc4 Rb2 54. Nb3 Nc3 55. Nd4 Nd1 56. Nb3 Ne3 57. Kg3 Nxc4 0-1

[Event "Pan American-ch School U17"]
[Site "Medellin"]
[Date "2019.11.12"]
[Round "2"]
[White "Cruz Beltran, Andres Euclides"]
[Black "Mosquera Orjuela, Johan Esteban"]
[Result "1-0"]
[WhiteElo "1745"]
[BlackElo "1451"]
[PlyCount "47"]
[EventDate "2019.11.12"]
[EventType "swiss"]
[EventRounds "9"]
[EventCountry "COL"]
[SourceTitle "CBM 193 Extra"]
[Source "ChessBase"]
[SourceDate "2020.01.31"]
[SourceVersion "1"]
[SourceVersionDate "2020.01.31"]
[SourceQuality "1"]

1. e4 c5 2. Nc3 e6 3. Nf3 a6 4. d4 cxd4 5. Nxd4 Qc7 6. Bd3 Nf6 7. 0-0 Bb4 8. Bd2 0-0 9. Ncb5 Qa5 10. Nb3 Qb6 11. Bxb4 axb5 12. Bxf8 Kxf8 13. e5 Nd5 14. Qh5 h6 15. c4 Nf4 16. Qf3 Nxd3 17. Qxd3 bxc4 18. Qxc4 Nc6 19. Qe4 Qc7 20. f4 g6 21. Qe3 b5 22. Nc5 Nb4 23. Rac1 Nxa2 24. Nxe6+ 1-0

[Event "Pan American-ch School U17"]
[Site "Medellin"]
[Date "2019.11.12"]
[Round "1"]
[White "Ospina Castro, Santiago"]
[Black "Cruz Beltran, Andres Euclides"]
[Result "1-0"]
[WhiteElo "2096"]
[BlackElo "1745"]
[PlyCount "81"]
[EventDate "2019.11.12"]
[EventType "swiss"]
[EventRounds "9"]
[EventCountry "COL"]
[SourceTitle "CBM 193 Extra"]
[Source "ChessBase"]
[SourceDate "2020.01.31"]
[SourceVersion "1"]
[SourceVersionDate "2020.01.31"]
[SourceQuality "1"]

1. e4 e5 2. Nf3 Nc6 3. Bc4 Bc5 4. c3 Nf6 5. d3 d6 6. 0-0 Qe7 7. b4 Bb6 8. a4 a5 9. b5 Nd8 10. Be3 Be6 11. Nbd2 Rg8 12. Bxb6 cxb6 13. Qe2 g5 14. Bxe6 Nxe6 15. Nc4 Nf4 16. Qe3 g4 17. Nfd2 d5 18. Nxb6 Rd8 19. d4 dxe4 20. Nxe4 N6d5 21. Nxd5 Nxd5 22. Qh6 f5 23. Qh5+ Qf7 24. Qxf7+ Kxf7 25. Nc5 b6 26. Nd3 Nxc3 27. Nxe5+ Kf6 28. Nc6 Rd6 29. Rfe1 f4 30. Ra3 Nd5 31. Kf1 Nb4 32. Nxb4 axb4 33. Rd3 Ra8 34. Ra1 Rd5 35. f3 gxf3 36. gxf3 Rxb5 37. Rb3 Ke6 38. Ke2 Rba5 39. Rxb4 b5 40. Kd3 Kd5 41. Re1 1-0

[Event "COL-ch sf3 U16"]
[Site "Moniquira"]
[Date "2019.05.25"]
[Round "4.2"]
[White "Arciniegas Castro, Santiago"]
[Black "Cruz Beltran, Andres Euclides"]
[Result "1-0"]
[WhiteElo "1803"]
[BlackElo "1783"]
[PlyCount "87"]
[EventDate "2019.05.23"]
[EventType "swiss"]
[EventRounds "6"]
[EventCountry "COL"]
[SourceTitle "EXT 2024"]
[Source "ChessBase"]
[SourceDate "2023.10.10"]
[SourceVersion "1"]
[SourceVersionDate "2023.10.10"]
[SourceQuality "1"]

1. e4 e5 2. Nf3 Nc6 3. Bb5 Nf6 4. d3 Bc5 5. c3 Qe7 6. Bg5 a6 7. Ba4 b5 8. Bb3 h6 9. Bh4 d6 10. a4 Bb7 11. axb5 axb5 12. Rxa8+ Bxa8 13. Na3 b4 14. Nc2 0-0 15. 0-0 bxc3 16. bxc3 Bb6 17. Ne3 Bxe3 18. fxe3 Nd8 19. Qe1 Ne6 20. Qg3 Kh7 21. Qh3 Bc6 22. Bxf6 gxf6 23. Qf5+ Kg7 24. Qg4+ Kh7 25. Qf5+ Kg7 26. Qg4+ Kh7 27. Nh4 Rg8 28. Qf5+ Kg7 29. Qh5 Kh7 30. Qxh6+ Kxh6 31. Nf5+ Kh7 32. Nxe7 Nc5 33. Nxg8 Kxg8 34. Bc4 Kg7 35. Ra1 Na4 36. Ra3 Nb2 37. Ra7 Nxc4 38. dxc4 Bxe4 39. Rxc7 Bd3 40. Rc6 Kg6 41. Rxd6 Bxc4 42. Rc6 Be6 43. Rxe6 fxe6 44. c4 1-0

[Event "COL-ch U16 sf1"]
[Site "Duitama"]
[Date "2019.04.13"]
[Round "4.2"]
[White "Cruz Beltran, Andres Euclides"]
[Black "Alvarez Angel, Nelson Eduardo"]
[Result "0-1"]
[WhiteElo "1769"]
[BlackElo "1974"]
[PlyCount "78"]
[EventDate "2019.04.11"]
[EventType "swiss"]
[EventRounds "6"]
[EventCountry "COL"]
[SourceTitle "EXT 2024"]
[Source "ChessBase"]
[SourceDate "2023.10.10"]
[SourceVersion "1"]
[SourceVersionDate "2023.10.10"]
[SourceQuality "1"]

1. e4 c5 2. Nf3 Nc6 3. d4 cxd4 4. Nxd4 Qb6 5. Nb3 Nf6 6. Nc3 e6 7. a3 a6 8. Be3 Qc7 9. Bd3 Be7 10. 0-0 b5 11. f4 d6 12. g4 Bb7 13. g5 Nd7 14. Qd2 Nc5 15. Rad1 Nxd3 16. cxd3 h6 17. d4 hxg5 18. f5 Na5 19. Nxa5 Qxa5 20. fxe6 fxe6 21. Bxg5 Qd8 22. Qf2 Kd7 23. Be3 Qg8 24. d5 g5 25. Qg3 g4 26. dxe6+ Qxe6 27. e5 Rh3 28. Qf4 Rf8 29. Qd4 Rxf1+ 30. Rxf1 g3 31. hxg3 Rxg3+ 32. Kf2 Qh3 33. Ke2 Rg2+ 34. Ke1 Rxb2 35. exd6 Bh4+ 36. Bf2 Qe6+ 37. Kd1 Bf6 38. Qc5 Qb3+ 39. Ke1 Bxc3+ 0-1

[Event "COL-ch U16 sf1"]
[Site "Duitama"]
[Date "2019.04.13"]
[Round "5.8"]
[White "Manzano Gomez, Valentina"]
[Black "Cruz Beltran, Andres Euclides"]
[Result "0-1"]
[WhiteElo "1604"]
[BlackElo "1769"]
[PlyCount "57"]
[EventDate "2019.04.11"]
[EventType "swiss"]
[EventRounds "6"]
[EventCountry "COL"]
[SourceTitle "EXT 2024"]
[Source "ChessBase"]
[SourceDate "2023.10.10"]
[SourceVersion "1"]
[SourceVersionDate "2023.10.10"]
[SourceQuality "1"]

1. e4 e5 2. Nf3 Nc6 3. Bb5 Nf6 4. d4 Nxd4 5. Nxd4 exd4 6. 0-0 c6 7. Bc4 Nxe4 8. Qxd4 d5 9. Bd3 Qf6 10. Qe3 Bc5 11. Qe2 Bf5 12. Nd2 0-0 13. Bxe4 Rfe8 14. Qf3 dxe4 15. Qh5 g6 16. Qh6 e3 17. Nf3 exf2+ 18. Kh1 Qg7 19. Qxg7+ Kxg7 20. b4 Bb6 21. Bb2+ Kg8 22. Nd4 Rad8 23. Nxf5 gxf5 24. c4 Rd2 25. Bf6 Rde2 26. g3 R8e6 27. Bg5 Re1 28. Bd2 R1e2 29. Bg5 0-1

[Event "COL-ch U16 sf1"]
[Site "Duitama"]
[Date "2019.04.12"]
[Round "2.2"]
[White "Cruz Beltran, Andres Euclides"]
[Black "Velasquez, Joan Sebastian"]
[Result "1-0"]
[WhiteElo "1769"]
[BlackElo "1444"]
[PlyCount "57"]
[EventDate "2019.04.11"]
[EventType "swiss"]
[EventRounds "6"]
[EventCountry "COL"]
[SourceTitle "EXT 2024"]
[Source "ChessBase"]
[SourceDate "2023.10.10"]
[SourceVersion "1"]
[SourceVersionDate "2023.10.10"]
[SourceQuality "1"]

1. e4 c5 2. Nf3 d6 3. d4 cxd4 4. Nxd4 Nf6 5. Nc3 g6 6. Be3 Bg7 7. f3 Nc6 8. Qd2 0-0 9. 0-0-0 Bd7 10. h4 h5 11. Be2 Rc8 12. g4 Ne5 13. Bh6 Nc4 14. Bxc4 Rxc4 15. Bxg7 Kxg7 16. gxh5 Nxh5 17. Rhg1 a6 18. Nf5+ Bxf5 19. exf5 Rh8 20. fxg6 fxg6 21. Qd3 Rf4 22. Qxg6+ Kf8 23. Rd5 Qe8 24. Rxh5 Qxg6 25. Rxh8+ Kg7 26. Rxg6+ Kxg6 27. Nd5 Rxf3 28. Nxe7+ Kg7 29. Rb8 1-0

[Event "COL-ch U16 sf1"]
[Site "Duitama"]
[Date "2019.04.12"]
[Round "3.2"]
[White "Diaz, Diego Alejandro"]
[Black "Cruz Beltran, Andres Euclides"]
[Result "1/2-1/2"]
[WhiteElo "1515"]
[BlackElo "1769"]
[PlyCount "82"]
[EventDate "2019.04.11"]
[EventType "swiss"]
[EventRounds "6"]
[EventCountry "COL"]
[SourceTitle "EXT 2024"]
[Source "ChessBase"]
[SourceDate "2023.10.10"]
[SourceVersion "1"]
[SourceVersionDate "2023.10.10"]
[SourceQuality "1"]

1. c4 e5 2. d3 Nf6 3. a3 Be7 4. Nf3 Nc6 5. e3 d6 6. Be2 Be6 7. Nc3 0-0 8. 0-0 d5 9. cxd5 Nxd5 10. e4 Nb6 11. b4 a6 12. Bb2 Qe8 13. b5 Na5 14. bxa6 bxa6 15. Nxe5 Bb3 16. Qd2 Rd8 17. Nd5 Nxd5 18. Qxa5 Nf4 19. Qd2 Bg5 20. Kh1 h6 21. Nf3 Nxd3 22. Qc3 Nxb2 23. Qxb2 Rb8 24. Nxg5 hxg5 25. Qd4 Qe6 26. Qe3 Qg6 27. Rac1 a5 28. Rxc7 a4 29. Rc5 Rfe8 30. f3 Qb6 31. Qxg5 f6 32. Qf5 Be6 33. Bc4 Bxc4 34. Rxc4 Re5 35. Qd7 Qb1 36. Qd1 Qa2 37. Rxa4 Reb5 38. Rb4 Rxb4 39. axb4 Rxb4 40. Qd5+ Qxd5 41. exd5 Rd4 1/2-1/2

[Event "COL-ch School U17"]
[Site "Florencia"]
[Date "2018.12.06"]
[Round "1.3"]
[White "Cruz Beltran, Andres Euclides"]
[Black "Ruiz Orozco, Neider Santiago"]
[Result "1-0"]
[WhiteElo "1773"]
[BlackElo "1295"]
[PlyCount "49"]
[EventDate "2018.12.06"]
[EventType "swiss"]
[EventRounds "6"]
[EventCountry "COL"]
[SourceTitle "EXT 2024"]
[Source "ChessBase"]
[SourceDate "2023.10.10"]
[SourceVersion "1"]
[SourceVersionDate "2023.10.10"]
[SourceQuality "1"]

1. e4 e5 2. Nf3 Nc6 3. Bc4 Bc5 4. 0-0 d6 5. c3 Nf6 6. d4 Bb6 7. dxe5 Nxe5 8. Nxe5 dxe5 9. Qxd8+ Kxd8 10. Bg5 Ke7 11. Nd2 h6 12. Bh4 g5 13. Bg3 Nd7 14. Rad1 f6 15. Nf3 Nc5 16. Rfe1 Be6 17. Bxe6 Nxe6 18. h4 Rad8 19. Kf1 Rd6 20. Rxd6 cxd6 21. Rd1 a5 22. Nd2 Rc8 23. Ke2 Ba7 24. hxg5 hxg5 25. Rh1 1-0

[Event "COL-chT"]
[Site "Ibague"]
[Date "2018.10.12"]
[Round "4.3"]
[White "Galindo Torres, Jesus Esteban"]
[Black "Cruz Beltran, Andres Euclides"]
[Result "0-1"]
[WhiteElo "1586"]
[BlackElo "1690"]
[PlyCount "70"]
[EventDate "2018.10.11"]
[EventType "team-swiss"]
[EventRounds "6"]
[EventCountry "COL"]
[SourceTitle "CBM 186 Extra"]
[Source "ChessBase"]
[SourceDate "2018.08.24"]
[SourceVersion "1"]
[SourceVersionDate "2018.08.24"]
[SourceQuality "1"]
[WhiteTeam "Tolima Cajamarca"]
[BlackTeam "Cundinamarca Juniors"]
[WhiteTeamCountry "COL"]
[BlackTeamCountry "COL"]

1. e4 e5 2. Nf3 Nc6 3. d4 exd4 4. Nxd4 Bc5 5. Nb3 Bb6 6. Nc3 d6 7. Bc4 Nf6 8. Bg5 Ne5 9. Bb5+ c6 10. Be2 Bg4 11. f3 Be6 12. Nd4 Qe7 13. Qd2 0-0-0 14. 0-0-0 h6 15. Bf4 g5 16. Bg3 Nh5 17. Na4 Bc7 18. h4 Nxg3 19. Rhe1 Nc4 20. Bxc4 Bxc4 21. Qb4 Ba6 22. Nb3 gxh4 23. e5 Qg5+ 24. f4 Qg6 25. Re3 dxe5 26. Nbc5 Rxd1+ 27. Kxd1 Qd6+ 28. Rd3 Bxd3 29. Qxb7+ Kd8 30. Nxd3 e4 31. Qxa7 exd3 32. Nc5 Qxf4 33. Nxd3 Qf1+ 34. Ne1 Qe2+ 35. Kc1 Qxe1# 0-1

[Event "COL-chT"]
[Site "Ibague"]
[Date "2018.10.11"]
[Round "2.3"]
[White "Ruiz Orozco, Neider Santiago"]
[Black "Cruz Beltran, Andres Euclides"]
[Result "0-1"]
[WhiteElo "1192"]
[BlackElo "1690"]
[PlyCount "62"]
[EventDate "2018.10.11"]
[EventType "team-swiss"]
[EventRounds "6"]
[EventCountry "COL"]
[SourceTitle "CBM 186 Extra"]
[Source "ChessBase"]
[SourceDate "2018.08.24"]
[SourceVersion "1"]
[SourceVersionDate "2018.08.24"]
[SourceQuality "1"]
[WhiteTeam "Tolima II"]
[BlackTeam "Cundinamarca Juniors"]
[WhiteTeamCountry "COL"]
[BlackTeamCountry "COL"]

1. e4 e5 2. Nf3 Nc6 3. d4 exd4 4. Nxd4 Bc5 5. Be3 Qf6 6. c3 Nge7 7. Bc4 Ne5 8. Nd2 d6 9. 0-0 0-0 10. Bb3 Qg6 11. Kh1 Kh8 12. Bc2 f5 13. f3 f4 14. Bg1 Ng8 15. N2b3 Bb6 16. Ne2 Qh6 17. Bxb6 axb6 18. Nbd4 Nf6 19. Bb3 Nh5 20. Qe1 Nd3 21. Qd2 Ne5 22. g3 Bh3 23. Rf2 fxg3 24. Nxg3 Nxg3+ 25. hxg3 Qh5 26. Rh2 c5 27. Nb5 Qxf3+ 28. Rg2 Ng4 29. Rag1 Ne3 30. Kh2 Bxg2 31. Rxg2 Qh5+ 0-1

[Event "Bogota AlphaZero op"]
[Site "Bogota"]
[Date "2018.08.20"]
[Round "6"]
[White "Cruz Beltran, Andres Euclides"]
[Black "Luna Velandia, Juan Sebastian"]
[Result "1-0"]
[WhiteElo "1737"]
[BlackElo "1546"]
[PlyCount "53"]
[EventDate "2018.08.17"]
[EventType "swiss"]
[EventRounds "7"]
[EventCountry "COL"]
[SourceTitle "CBM 186 Extra"]
[Source "ChessBase"]
[SourceDate "2018.08.24"]
[SourceVersion "1"]
[SourceVersionDate "2018.08.24"]
[SourceQuality "1"]

1. e4 c5 2. Nf3 d6 3. d4 cxd4 4. Nxd4 Nf6 5. Nc3 g6 6. Be3 Bg7 7. f3 0-0 8. Bc4 Nc6 9. Qd2 Bd7 10. 0-0-0 Ne5 11. Be2 a6 12. h4 h5 13. g4 hxg4 14. f4 Nf3 15. Nxf3 gxf3 16. Bxf3 b5 17. e5 dxe5 18. fxe5 Bg4 19. Qf2 Qa5 20. exf6 Bxf6 21. Bxg4 Rfd8 22. Bb6 Rxd1+ 23. Rxd1 Qb4 24. Qf3 Rf8 25. a3 Qc4 26. Qe4 Qxe4 27. Nxe4 1-0

[Event "COL-ch U1800"]
[Site "Moniquira"]
[Date "2018.07.19"]
[Round "1"]
[White "Cruz Beltran, Andres Euclides"]
[Black "Campos Perilla, Felix Santiago"]
[Result "1-0"]
[WhiteElo "1717"]
[BlackElo "1391"]
[PlyCount "43"]
[EventDate "2018.07.19"]
[EventType "swiss"]
[EventRounds "7"]
[EventCountry "COL"]
[SourceTitle "CBM 187 Extra"]
[Source "ChessBase"]
[SourceDate "2018.11.04"]
[SourceVersion "1"]
[SourceVersionDate "2018.11.04"]
[SourceQuality "1"]

1. e4 c5 2. Nf3 d6 3. d4 cxd4 4. Nxd4 Nf6 5. Nc3 Bd7 6. Bg5 Ng4 7. Be2 Ne5 8. f4 Nec6 9. Ndb5 Qb6 10. Nd5 Qa5+ 11. c3 Na6 12. Qd2 f6 13. b4 Qd8 14. Bh4 g6 15. Nxd6+ exd6 16. Nxf6+ Kf7 17. Bc4+ Be6 18. Bxe6+ Kxe6 19. Qd5+ Ke7 20. Ng8+ Kd7 21. Bxd8 Kxd8 22. Qf7 1-0

[Event "COL-ch U16"]
[Site "Cartagena"]
[Date "2018.05.19"]
[Round "8"]
[White "Corredor Castellanos, Camilo"]
[Black "Cruz Beltran, Andres Euclides"]
[Result "1/2-1/2"]
[WhiteElo "1927"]
[BlackElo "1834"]
[PlyCount "60"]
[EventDate "2018.05.15"]
[EventType "k.o."]
[EventRounds "9"]
[EventCountry "COL"]
[SourceTitle "CBM 184 Extra"]
[Source "ChessBase"]
[SourceDate "2018.06.28"]
[SourceVersion "1"]
[SourceVersionDate "2018.06.28"]
[SourceQuality "1"]

1. d4 Nf6 2. c4 e6 3. Nc3 d5 4. Nf3 Be7 5. Bf4 Nbd7 6. e3 c6 7. h3 0-0 8. c5 Re8 9. Bd3 b6 10. b4 a5 11. a3 Ba6 12. Bxa6 Rxa6 13. 0-0 Qa8 14. b5 cxb5 15. Nxb5 bxc5 16. Nc7 Qc8 17. Nxe8 Qxe8 18. dxc5 Nxc5 19. Rb1 Ra8 20. Qc2 Nfe4 21. Nd2 Nxd2 22. Qxd2 Ne4 23. Qd3 Qa4 24. f3 Nf6 25. Rb3 Nd7 26. Qb5 Qxb5 27. Rxb5 g5 28. Bg3 Bxa3 29. Ra1 Bc5 30. Bf2 a4 1/2-1/2

[Event "COL-ch U16"]
[Site "Cartagena"]
[Date "2018.05.17"]
[Round "5"]
[White "Arciniegas Castro, Santiago"]
[Black "Cruz Beltran, Andres Euclides"]
[Result "1-0"]
[WhiteElo "1894"]
[BlackElo "1834"]
[PlyCount "87"]
[EventDate "2018.05.15"]
[EventType "k.o."]
[EventRounds "9"]
[EventCountry "COL"]
[SourceTitle "CBM 184 Extra"]
[Source "ChessBase"]
[SourceDate "2018.06.28"]
[SourceVersion "1"]
[SourceVersionDate "2018.06.28"]
[SourceQuality "1"]

1. d4 Nf6 2. Bf4 d5 3. e3 Bf5 4. c4 e6 5. Qb3 Qc8 6. Nc3 c6 7. Rc1 Be7 8. cxd5 cxd5 9. e4 dxe4 10. Nb5 Nc6 11. Nc7+ Kf8 12. Nxa8 Qxa8 13. Ne2 Nd5 14. Be3 Bg6 15. Nc3 Nxe3 16. fxe3 Bg5 17. Kf2 Qd8 18. Ne2 Qd7 19. Ng3 h5 20. h4 Bh6 21. Bb5 Kg8 22. Qc3 Qd6 23. Bxc6 bxc6 24. Rh3 Qd5 25. Qc4 Qa5 26. b4 Qa3 27. Rc3 Qb2+ 28. Rc2 Qa3 29. Qb3 Qa6 30. Rh1 Qb7 31. Qc3 Qc7 32. b5 Kh7 33. bxc6 f5 34. Ne2 f4 35. Rb1 fxe3+ 36. Kg1 Qe7 37. g3 Qf7 38. Rf1 Qc7 39. Qb3 Rd8 40. Qxe6 Rxd4 41. Nxd4 Qxg3+ 42. Rg2 Qxh4 43. Qxg6+ Kh8 44. Rf8# 1-0

[Event "COL-ch U16"]
[Site "Cartagena"]
[Date "2018.05.16"]
[Round "3"]
[White "Florez Hernandez, Bairon"]
[Black "Cruz Beltran, Andres Euclides"]
[Result "0-1"]
[WhiteElo "1395"]
[BlackElo "1834"]
[PlyCount "65"]
[EventDate "2018.05.15"]
[EventType "k.o."]
[EventRounds "9"]
[EventCountry "COL"]
[SourceTitle "CBM 184 Extra"]
[Source "ChessBase"]
[SourceDate "2018.06.28"]
[SourceVersion "1"]
[SourceVersionDate "2018.06.28"]
[SourceQuality "1"]

1. e4 e5 2. Nf3 Nc6 3. Nc3 Bc5 4. Bc4 Nf6 5. h3 d6 6. d3 h6 7. Ne2 d5 8. exd5 Nxd5 9. b3 0-0 10. Bb2 Re8 11. 0-0 Nb6 12. Bb5 Bd6 13. Ng3 Bd7 14. Re1 f6 15. Nh4 Nd4 16. Bxd7 Qxd7 17. c3 Ne6 18. Qg4 Nf4 19. Nhf5 Kh7 20. Ne4 h5 21. Qf3 Qxf5 22. d4 Qg6 23. c4 Bb4 24. Re3 Rad8 25. dxe5 fxe5 26. a3 Bf8 27. Rae1 Nd7 28. Kh2 Bc5 29. Nxc5 Nxc5 30. Bxe5 Nfd3 31. R1e2 Rf8 32. Qg3 Qxg3+ 33. Bxg3 0-1

[Event "COL-ch U18"]
[Site "Cali"]
[Date "2018.04.14"]
[Round "7"]
[White "Cruz Beltran, Andres Euclides"]
[Black "Martinez, Cristian Camilo"]
[Result "0-1"]
[WhiteElo "1706"]
[BlackElo "2009"]
[PlyCount "42"]
[EventDate "2018.04.10"]
[EventType "tourn"]
[EventRounds "9"]
[EventCountry "COL"]
[SourceTitle "CBM 184 Extra"]
[Source "ChessBase"]
[SourceDate "2018.06.28"]
[SourceVersion "1"]
[SourceVersionDate "2018.06.28"]
[SourceQuality "1"]

1. e4 c5 2. Nf3 e6 3. d4 cxd4 4. Nxd4 a6 5. Nc3 Qc7 6. Bd3 Nc6 7. Nb3 b5 8. 0-0 Bb7 9. a3 Nf6 10. f4 d6 11. Qe1 h5 12. f5 Ne5 13. fxe6 fxe6 14. Nd2 Be7 15. Nf3 Nxf3+ 16. Rxf3 0-0-0 17. b4 Ng4 18. a4 Bf6 19. Bd2 d5 20. Bf4 Qxc3 21. Bd2 Qxa1 0-1

[Event "COL-ch U18"]
[Site "Cali"]
[Date "2018.04.13"]
[Round "6"]
[White "Torres Cueto, Jesus Marcial"]
[Black "Cruz Beltran, Andres Euclides"]
[Result "1-0"]
[WhiteElo "2017"]
[BlackElo "1706"]
[PlyCount "63"]
[EventDate "2018.04.10"]
[EventType "tourn"]
[EventRounds "9"]
[EventCountry "COL"]
[SourceTitle "CBM 184 Extra"]
[Source "ChessBase"]
[SourceDate "2018.06.28"]
[SourceVersion "1"]
[SourceVersionDate "2018.06.28"]
[SourceQuality "1"]

1. e4 e5 2. Nf3 Nc6 3. Bb5 Nf6 4. Nc3 Bc5 5. d3 a6 6. Bxc6 dxc6 7. h3 Qe7 8. 0-0 Bd7 9. a3 h6 10. b4 Ba7 11. Be3 c5 12. Rb1 Bc6 13. Qc1 0-0 14. b5 axb5 15. Nxb5 Bb6 16. c4 Ra6 17. Rb3 Rfa8 18. Nc3 Qd6 19. Rd1 Nd7 20. Nh4 Nf8 21. Nf5 Qf6 22. Nd5 Bxd5 23. cxd5 Nd7 24. g4 Kh7 25. Kh2 Ra5 26. Rg1 g6 27. g5 hxg5 28. Bxg5 Qh8 29. Rg4 Nf6 30. Bxf6 Qxf6 31. Qh6+ Kg8 32. Rh4 1-0

[Event "COL-ch U18"]
[Site "Cali"]
[Date "2018.04.12"]
[Round "5"]
[White "Cruz Beltran, Andres Euclides"]
[Black "Villaquiran, Miguel"]
[Result "1-0"]
[WhiteElo "1706"]
[BlackElo "1726"]
[PlyCount "107"]
[EventDate "2018.04.10"]
[EventType "tourn"]
[EventRounds "9"]
[EventCountry "COL"]
[SourceTitle "CBM 184 Extra"]
[Source "ChessBase"]
[SourceDate "2018.06.28"]
[SourceVersion "1"]
[SourceVersionDate "2018.06.28"]
[SourceQuality "1"]

1. e4 c5 2. Nf3 d6 3. d4 cxd4 4. Nxd4 Nf6 5. Nc3 a6 6. Bg5 e6 7. f4 Be7 8. Qe2 Qc7 9. 0-0-0 Nbd7 10. g4 b5 11. Bxf6 Bxf6 12. Ndxb5 axb5 13. Nxb5 Qa5 14. Nxd6+ Kf8 15. e5 Nxe5 16. g5 Ba6 17. Qe4 Bxf1 18. Rhxf1 Nd7 19. gxf6 Nxf6 20. Qb7 Qa7 21. Qxa7 Rxa7 22. a3 Ke7 23. Nb5 Nd5 24. Rd3 Rb7 25. c4 Rc8 26. Kb1 Rxc4 27. Nd4 Kd6 28. Ka2 Ra4 29. Nc2 Ke7 30. Rd4 Ra8 31. f5 Rc7 32. fxe6 fxe6 33. Nb4 Nxb4+ 34. Rxb4 e5 35. Rb6 Rc2 36. h3 Rh2 37. Rf3 Rd8 38. a4 Rd4 39. Ka3 e4 40. Rfb3 Rd3 41. R6b4 Rhxh3 42. Rxe4+ Kd6 43. Rd4+ Rxd4 44. Rxh3 h6 45. b4 Kc6 46. Rc3+ Kb6 47. a5+ Kb5 48. Rc5+ Ka6 49. Ka4 Rg4 50. Rc6+ Kb7 51. Re6 Rg1 52. a6+ Ka7 53. Ka5 Ra1+ 54. Kb5 1-0

[Event "Bogota sf3 U18"]
[Site "Bogota"]
[Date "2018.03.31"]
[Round "5.1"]
[White "Marcial Torres, Jesus"]
[Black "Cruz Beltran, Andres Euclides"]
[Result "1/2-1/2"]
[WhiteElo "2076"]
[BlackElo "1705"]
[PlyCount "57"]
[EventDate "2018.03.29"]
[EventType "swiss"]
[EventRounds "6"]
[EventCountry "COL"]
[SourceTitle "EXT 2024"]
[Source "ChessBase"]
[SourceDate "2023.10.10"]
[SourceVersion "1"]
[SourceVersionDate "2023.10.10"]
[SourceQuality "1"]

1. e4 e5 2. Nf3 Nc6 3. Bb5 Nf6 4. d3 Bc5 5. 0-0 Qe7 6. Nc3 a6 7. Ba4 h6 8. Nd5 Nxd5 9. exd5 Nd4 10. Nxe5 0-0 11. Nf3 b5 12. Nxd4 Bxd4 13. Bb3 Bb7 14. c3 Bb6 15. Qg4 Kh8 16. Bd2 f5 17. Qf3 Qf6 18. Rfe1 d6 19. Qh5 Bc8 20. d4 Bd7 21. Re2 Rae8 22. Rae1 Rxe2 23. Rxe2 Qf7 24. Qxf7 Rxf7 25. h4 Kg8 26. f3 Kf8 27. Kf2 Re7 28. Rxe7 Kxe7 29. h5 1/2-1/2

[Event "Bogota sf3 U18"]
[Site "Bogota"]
[Date "2018.03.30"]
[Round "3.3"]
[White "Cruz Beltran, Andres Euclides"]
[Black "Sarmiento Mojica, Leidy Carolina"]
[Result "1-0"]
[WhiteElo "1705"]
[BlackElo "1734"]
[PlyCount "39"]
[EventDate "2018.03.29"]
[EventType "swiss"]
[EventRounds "6"]
[EventCountry "COL"]
[SourceTitle "EXT 2024"]
[Source "ChessBase"]
[SourceDate "2023.10.10"]
[SourceVersion "1"]
[SourceVersionDate "2023.10.10"]
[SourceQuality "1"]

1. e4 c5 2. Nf3 d6 3. d4 cxd4 4. Nxd4 Nf6 5. Nc3 a6 6. Bg5 e6 7. f4 h6 8. Bh4 Qb6 9. a3 Be7 10. Bf2 Qc7 11. Qe2 Nbd7 12. 0-0-0 b5 13. g4 Rb8 14. g5 hxg5 15. fxg5 Nh7 16. g6 Nhf6 17. gxf7+ Kxf7 18. Bg3 b4 19. Nxe6 Qa5 20. Qc4 1-0